Statistics for Countries That End With -land

Click here to take the quiz!

General Stats

  • This quiz has been taken 50 times
  • The average score is 6 of 7

Answer Stats

Country% Correct
Finland
93%
Iceland
93%
Ireland
82%
New Zealand
80%
Poland
77%
Switzerland
75%
Thailand
75%

Score Distribution

Percentile by Number Answered

Percent of People with Each Score

Your Score History

You have not taken this quiz